[Event "Druzynowe Mistrzostwa Polski Juniorow - II liga"]
[Site "Sypniewo k. Jastrowia"]
[Date "2023-06-21"]
[Round "8.37"]
[White "Garwacki, Kornel"]
[Black "Rumniak, Aleksy"]
[Result "1-0"]
[WhiteTitle "I"]
[BlackTitle "II"]
[WhiteElo "1778"]
[BlackElo "1272"]

1. Nc3 2. c5 3. e4 4. Nc6 5. g3 6. g6 7. Bg2 8. Bg7 9. Nge2 10. d6 11. O-O 12.
Rb8 13. a4 a6 14. d3 15. Bd7 16. Be3 17. Nd4 18. h3 19. b5 20. axb5 21. axb5 22.
Bxd4 23. cxd4 24. Nd5 25. e6 26. Nb4 27. Ne7 28. f4 29. O-O 30. Qd2 31. Qc8 32.
Kh2 33. e5 34. c3 35. dxc3 36. bxc3 37. f5 38. Rac1 39. Nc6 40. Nd5 41. Be6 42.
c4 43. b4 44. exf5 45. gxf5 46. c5 47. Qd7 48. cxd6 49. Kh8 50. fxe5 51. Bxe5
52. Nef4 53. Qxd6 54. Ng6+ 55. hxg6 56. Rxc6 57. Bxg3+ 58. Kg1 59. Qd7 60. Qh6+
61. Qh7 62. Qxh7+ 63. Kxh7 64. Rxe6 65. Bh4 66. Rb1 67. b3 68. Nb6 69. f4 70.
Bf3 71. Rfd8 72. Rxb3 73. Rdc8 74. Rb2 75. Rc1+ 76. Kg2 77. Rd8 78. Be4 79. Rg8
1-0

[Event "Druzynowe Mistrzostwa Polski Juniorow - II liga"]
[Site "Sypniewo k. Jastrowia"]
[Date "2023-06-21"]
[Round "8.39"]
[White "Kurczewski, Borys"]
[Black "Soja, Adam"]
[Result "1/2-1/2"]
[WhiteTitle "II"]
[BlackTitle "II"]
[WhiteElo "1153"]
[BlackElo "1238"]

1. e4 2. e5 3. Nf3 4. Nc6 5. d4 exd4 6. Bc4 7. Nf6 8. O-O 9. d6 10. Re1 11. Bg4
12. e5 13. Bxf3 14. exf6+ 15. Ne5 16. Qxf3 17. gxf6 18. Bf4 19. Be7 20. Bxe5 21.
dxe5 22. Qxb7 23. Bd6 24. Qc6+ 25. Ke7 26. a3 27. Rb8 28. Nd2 29. Qc8 30. Ne4
31. Rb6 32. Nxd6 cxd6 33. Qxc8 34. Rxc8 35. Bb3 36. d5 37. Rad1 38. Ke6 39. g3
40. Rg8 41. Kf1 42. h5 43. Ke2 44. f5 45. Rd2 46. Rh8 47. Kd1 48. h4 49. Kc1 50.
hxg3 51. hxg3 52. f6 53. Ba2 54. Rb5 55. Rdd1 56. Rhb8 57. b4 58. a5 59. bxa5
60. Rxa5 61. Bb3 62. Rxa3 63. Kb2 64. Raa8 65. Ra1 66. e4 1/2-1/2

[Event "Druzynowe Mistrzostwa Polski Juniorow - II liga"]
[Site "Sypniewo k. Jastrowia"]
[Date "2023-06-21"]
[Round "8.40"]
[White "Mitrega, Wiktoria"]
[Black "Michalska, Anna-maria"]
[Result "1/2-1/2"]
[WhiteTitle "I"]
[BlackTitle "I"]
[WhiteElo "1348"]
[BlackElo "1382"]

1. c4 2. c6 3. Nf3 4. d5 5. e3 6. Nf6 7. Qc2 8. e6 9. b3 10. g6 11. Bb2 12. Bg7
13. Be2 14. O-O 15. O-O 16. Re8 17. d4 18. b6 19. Nc3 20. Bb7 21. Rfd1 22. Nbd7
23. Rac1 24. Rc8 25. Qb1 26. Qe7 27. Bd3 28. h6 29. cxd5 30. exd5 31. Nd2 32.
Qd6 33. h3 34. Re6 35. Re1 36. Rce8 37. a4 38. Nf8 39. Nf3 40. Ne4 41. Bxe4 42.
dxe4 43. Nd2 44. f5 45. Nc4 46. Qb8 47. Ne2 48. Kh7 49. Nf4 50. R6e7 51. Ba3 52.
Rd7 53. Qc2 54. Ne6 55. Nxe6 56. Rxe6 57. Qe2 58. Re8 59. Kh1 60. Red8 61. Rcd1
62. Rd5 63. f4 64. exf3 65. gxf3 66. Qg3 67. Qg2 68. Qxg2+ 69. Kxg2 70. c5 71.
Bb2 72. cxd4 73. exd4 74. Kg8 75. Re7 76. R5d7 77. Rxd7 78. Rxd7 79. Re1 80. Bd5
81. Rc1 82. Kf7 83. b4 84. Be6 85. Kg3 86. Bxd4 87. Bxd4 88. Rxd4 89. Ne5+ 90.
Kf6 91. Nc6 92. f4+ 93. Kf2 94. Rd7 95. h4 96. Bb3 97. a5 98. bxa5 99. Nxa5 100.
Be6 101. Rc2 102. g5 103. hxg5+ 104. hxg5 105. Rc6 106. Rd2+ 107. Ke1 108. Rb2
109. Ra6 110. Rxb4 111. Rxa7 112. Rb2 113. Ra6 114. Ra2 115. Ra7 116. Bd5 117.
Nc6 118. Rxa7 119. Nxa7 120. Bxf3 121. Nb5 122. g4 123. Kf2 124. Be4 125. Nc3
126. Ke5 127. Ne2 128. g3+ 129. Nxg3 1/2-1/2

[Event "Druzynowe Mistrzostwa Polski Juniorow - II liga"]
[Site "Sypniewo k. Jastrowia"]
[Date "2023-06-21"]
[Round "8.41"]
[White "Bartkowiak, Aleksandra"]
[Black "Piotrowska, Weronika"]
[Result "1/2-1/2"]
[WhiteTitle "II"]
[BlackTitle "II"]
[WhiteElo "1135"]
[BlackElo "1032"]

1. e4 2. e5 3. Nf3 4. Nc6 5. d4 6. exd4 7. Nxd4 8. Bc5 9. Nb3 10. Bb6 11. Nc3 12.
d6 13. Qe2 14. Nf6 15. f3 16. h6 17. Be3 18. Bxe3 19. Qxe3 20. O-O 21. O-O-O 22.
Be6 23. g4 24. Nh7 25. h4 26. Qe7 27. Kb1 28. Rfd8 29. a3 30. Bxb3 31. cxb3 32.
a6 33. Nd5 34. Qd7 35. Bh3 36. Rab8 37. g5 38. Qe8 39. gxh6 40. g6 41. Qc3 42.
Qe5 43. Qxe5 44. dxe5 45. Nxc7 46. Nf6 47. Nd5 48. Nxd5 49. Rxd5 50. Rxd5 51.
exd5 52. Nd4 53. Bg2 54. Nf5 55. h5 56. Ne3 57. Rg1 58. Nxd5 59. hxg6 60. fxg6
61. Bf1 62. Kh7 63. Bd3 64. Nf4 65. Bc2 66. Kxh6 67. Re1 68. Re8 69. Be4 70. b6
71. b4 72. a5 73. bxa5 74. bxa5 1/2-1/2

[Event "Druzynowe Mistrzostwa Polski Juniorow - II liga"]
[Site "Sypniewo k. Jastrowia"]
[Date "2023-06-21"]
[Round "8.42"]
[White "Skrzypinski, Jan"]
[Black "Pulit, Kacper"]
[Result "1-0"]
[WhiteTitle "I"]
[BlackTitle "II"]
[WhiteElo "1862"]
[BlackElo "1332"]

1. e4 2. c5 3. b4 4. cxb4 5. a3 6. bxa3 7. d4 8. d6 9. Nxa3 10. Nf6 11. Bd3 12.
Nc6 13. c3 14. g6 15. Ne2 16. Bg7 17. O-O 18. O-O 19. f4 20. e5 21. Nb5 22. Bg4
23. Ba3 24. Ne8 25. fxe5 26. Nxe5 27. dxe5 28. Bxe5 29. h3 30. Qb6+ 31. Nbd4 32.
Bxe2 33. Qxe2 34. Bxd4+ 35. cxd4 36. Qxd4+ 37. Kh1 38. Ng7 39. Bb2 40. Qb6 41.
Rab1 42. Nh5 43. Qg4 44. Qc7 45. Rf3 46. d5 47. exd5 48. f5 49. Qd4 50. Rac8 51.
Qh8+ 52. Kf7 53. Qxh7+ 54. Ke8 55. Qxg6+ 56. Qf7 57. Re3+ 58. Kd8 59. Qd6+ 1-0

[Event "Druzynowe Mistrzostwa Polski Juniorow - II liga"]
[Site "Sypniewo k. Jastrowia"]
[Date "2023-06-21"]
[Round "8.43"]
[White "Penar, Marcin"]
[Black "Kaczmarek, Jan"]
[Result "1/2-1/2"]
[WhiteTitle "II"]
[BlackTitle "II+"]
[WhiteElo "1280"]
[BlackElo "1574"]

1. d4 2. Nf6 3. c4 4. g6 5. Nf3 6. Bg7 7. g3 8. d6 9. Bg2 10. O-O 11. O-O 12. Nc6
13. Nc3 14. e5 15. d5 16. Na5 17. b3 18. b6 19. e4 20. Bd7 21. h3 22. Ne8 23.
g4 24. Nf6 25. Bg5 26. Qc8 27. Nd2 28. h5 29. f3 30. Nh7 31. Be3 32. f5 33. gxf5
34. gxf5 35. Kh2 36. f4 37. Bf2 38. Ng5 39. h4 40. Nf7 41. Rg1 42. Kh7 43. Qf1
44. Bf6 45. Bh3 46. Bxh3 47. Qxh3 48. Qxh3+ 49. Kxh3 50. a6 51. b4 52. Nb7 53.
a4 54. a5 55. b5 56. Nc5 57. Bxc5 58. dxc5 59. Rad1 60. Rg8 61. d6 62. cxd6 63.
Nd5 64. Bd8 65. Nb1 66. Rxg1 67. Rxg1 68. Nh8 69. Kg2 70. Ng6 71. Rh1 72. Rb8
73. Nbc3 74. Nxh4+ 75. Kf2 76. Kh6 77. Nc7 78. Bxc7 79. Rxh4 80. Rg8 81. Nd5 82.
Bd8 83. Rh1 84. Rg3 85. Rg1 86. h4 87. Rxg3 88. fxg3+ 89. Kg2 90. Kh5 1/2-1/2

[Event "Druzynowe Mistrzostwa Polski Juniorow - II liga"]
[Site "Sypniewo k. Jastrowia"]
[Date "2023-06-21"]
[Round "8.44"]
[White "Stachowiak, Bruno"]
[Black "Plywacz, Mateusz"]
[Result "1-0"]
[WhiteTitle "II"]
[BlackTitle "II"]
[WhiteElo "1591"]
[BlackElo "1584"]

1. e4 2. e5 3. Nf3 4. Nc6 5. c3 6. d5 7. Qa4 8. dxe4 9. Nxe5 10. Qd5 11. Nxc6 12.
bxc6 13. Bc4 14. Qc5 15. d4 16. exd3 17. Be3 18. Qd6 19. Nd2 20. Nf6 21. O-O 22.
Be7 23. Bf4 24. Qxf4 25. Bxf7+ 26. Kxf7 27. Qxf4 28. Bd6 29. Qc4+ 30. Be6 31.
Qxd3 32. Rhd8 33. Qc2 1-0

[Event "Druzynowe Mistrzostwa Polski Juniorow - II liga"]
[Site "Sypniewo k. Jastrowia"]
[Date "2023-06-21"]
[Round "8.45"]
[White "Schiller, Marcin"]
[Black "Soroczynski, Mateusz"]
[Result "0-1"]
[WhiteTitle "II+"]
[BlackTitle "II"]
[WhiteElo "1327"]
[BlackElo "1002"]

1. d4 2. d5 3. c4 4. e6 5. Nc3 6. Nf6 7. Nf3 8. Be7 9. cxd5 10. exd5 11. Bg5 12.
O-O 13. e3 14. Nbd7 15. Bd3 16. c6 17. O-O 18. Re8 19. Qc2 20. Nf8 21. Rab1 22.
Ne4 23. Bxe7 24. Qxe7 25. h3 26. Bf5 27. Ne2 28. Qf6 29. b4 30. Bxh3 31. Nf4 32.
Bf5 33. Rfc1 34. Ne6 35. Nxe6 36. Rxe6 37. b5 38. Qh6 39. bxc6 40. bxc6 41. Rb7
42. Bg4 43. Ne5 44. Qh4 45. f3 46. Rh6 47. Bxe4 48. Qh1+ 49. Kf2 50. Qh4+ 51.
Ke2 52. Bc8 53. Bxh7+ 54. Rxh7 55. Rxf7 56. Ba6+ 57. Kd1 58. Qg3 59. Qd2 60. Rh2
61. Qe1 62. Qxg2 63. Ng4 64. Bb5 65. Nxh2 66. Ba4+ 0-1

[Event "Druzynowe Mistrzostwa Polski Juniorow - II liga"]
[Site "Sypniewo k. Jastrowia"]
[Date "2023-06-21"]
[Round "8.46"]
[White "Gac-mytych, Sara"]
[Black "Bartoszek, Julia"]
[Result "1/2-1/2"]
[WhiteTitle "II+"]
[BlackTitle "I"]
[WhiteElo "1136"]
[BlackElo "1373"]

1. e4 2. c5 3. c3 4. Nf6 5. e5 6. Nd5 7. d4 8. cxd4 9. cxd4 10. d6 11. Nf3 12.
e6 13. Bc4 14. Nb6 15. Bb5+ 16. N8d7 17. Nc3 18. a6 19. Bxd7+ 20. Nxd7 21. O-O
22. Be7 23. Bf4 24. dxe5 25. Nxe5 26. Nxe5 27. dxe5 28. Qxd1 29. Rfxd1 30. O-O
31. Rac1 32. b5 33. Ne4 34. Bb7 35. Nc5 36. Bd5 37. Nd7 38. Rfd8 39. Nb6 40. Ra7
41. Nxd5 42. exd5 43. Rd4 44. h6 45. b3 46. Ba3 47. Rc2 48. a5 49. Bc1 50. Be7
51. Bf4 52. Rdd7 53. Rcd2 54. Rac7 55. g3 56. Bb4 57. Re2 58. Rc6 59. Kf1 60.
Bc5 61. Rd3 62. Bb4 63. Bd2 64. Bxd2 65. Rdxd2 Kf8 66. Rc2 67. Rdc7 68. Rxc6 69.
Rxc6 70. Rd2 71. Rc5 72. f4 73. Ke7 74. Ke2 Ke6 75. Ke3 76. b4 77. Kd3 Rc3+ 78.
Ke2 g6 79. Rd3 Rc2+ 80. Rd2 Rc5 81. Kd3 Rc3+ 82. Ke2 Rc5 83. Ke3 Rc3+ 84. Kd4
1/2-1/2

[Event "Druzynowe Mistrzostwa Polski Juniorow - II liga"]
[Site "Sypniewo k. Jastrowia"]
[Date "2023-06-21"]
[Round "8.48"]
[White "Jagodzinski, Jaromir"]
[Black "Kotula, Pawel"]
[Result "0-1"]
[WhiteTitle "II+"]
[BlackTitle "I"]
[WhiteElo "1477"]
[BlackElo "1798"]

1. e4 2. e5 3. Nf3 4. Nc6 5. d4 6. exd4 7. Bc4 8. Nf6 9. O-O 10. Nxe4 11. Re1 12.
d5 13. Bxd5 14. Qxd5 15. Nc3 16. Qh5 17. Nxe4 18. Be6 19. Bg5 20. h6 21. Bf6 22.
Qd5 23. Nxd4 24. Nxd4 25. Qxd4 26. Qxd4 27. Bxd4 28. b6 29. Rad1 30. O-O-O 31.
Nc3 32. Bg4 33. f3 34. Bf5 35. Re2 36. f6 37. Red2 38. Bb4 39. a3 40. Bd6 41.
Nb5 42. Bf4 43. Re2 44. a6 45. Nc3 46. Rhe8 47. Rxe8 48. Rxe8 49. Nd5 50. Bxc2
51. Ra1 52. Bd2 53. Bc3 54. Bxc3 55. Nxc3 56. Bb3 57. Kf2 58. c5 59. Ne4 60. Kc7
61. g4 62. Kc6 63. Ng3 64. b5 65. Nf5 66. Rd8 67. Re1 68. Rd2+ 69. Re2 70. Rxe2+
71. Kxe2 72. g5 73. Nxh6 74. Be6 75. Ke3 76. Kd6 77. Ke4 78. a5 79. Nf5+ 80. Bxf5+
81. Kxf5 82. a4 83. f4 b4 84. fxg5 85. fxg5 86. Kxg5 87. c4 88. Kf4 89. c3 90.
bxc3 91. bxa3 92. g5 93. a2 0-1

[Event "Druzynowe Mistrzostwa Polski Juniorow - II liga"]
[Site "Sypniewo k. Jastrowia"]
[Date "2023-06-21"]
[Round "8.49"]
[White "Jania, Kamil"]
[Black "Baranowski, Jan"]
[Result "1-0"]
[WhiteTitle "II"]
[BlackTitle "II"]
[WhiteElo "1130"]
[BlackElo "1294"]

1. d4 2. d5 3. c4 4. c6 5. Nc3 6. Nf6 7. Nf3 8. e6 9. e3 10. Bd6 11. g4 12. Nxg4
13. Rg1 14. Nxh2 15. Nxh2 16. Bxh2 17. Rxg7 18. h5 19. Qf3 20. Qe7 21. e4 22.
Bc7 23. Bg5 24. Qf8 25. Bf6 26. Nd7 27. e5 28. Bd8 29. cxd5 30. exd5 31. O-O-O
32. Nxf6 33. exf6 34. Be6 35. Nxd5 36. Bxd5 37. Qxd5 38. Bxf6 39. Re1+ 40. Be7
41. Qd6 42. Rd8 43. Qc7 44. Rxd4 45. Bh3 46. Rd8 47. f4 48. Rh6 49. Rg8 50. Re6
51. Rxf8+ 1-0

[Event "Druzynowe Mistrzostwa Polski Juniorow - II liga"]
[Site "Sypniewo k. Jastrowia"]
[Date "2023-06-21"]
[Round "8.50"]
[White "Ejsymont, Eryk"]
[Black "Reterski, Wiktor"]
[Result "1-0"]
[WhiteTitle "II+"]
[BlackTitle "II"]
[WhiteElo "1385"]
[BlackElo "1310"]

1. e4 2. c5 3. d4 4. cxd4 5. c3 6. d3 7. Bxd3 8. e6 9. c4 10. Nf6 11. Nf3 12. d6
13. O-O 14. Nc6 15. Nc3 16. Be7 17. Re1 18. Bd7 19. Qe2 20. a6 21. e5 22. dxe5
23. Nxe5 24. Nxe5 25. Qxe5 26. Bc6 27. Be4 28. Bxe4 29. Nxe4 30. Nxe4 31. Qxe4
32. Bb4 33. Rf1 34. Qd7 35. a3 Be7 36. b4 37. Bf6 38. Rb1 39. O-O-O 40. b5 41.
Qd4 42. Qf3 43. Qxc4 44. Be3 45. Kb8 46. bxa6 47. Qxa6 48. Rb6 49. Qa8 50. Qe4
51. Rd7 52. a4 53. Qa5 54. Rb5 55. Qc7 56. a5 57. Rd6 58. Rfb1 59. Ka8 60. a6
61. Rb8 62. Rxb7 63. Rxb7 64. Qxb7+ 65. Qxb7 66. axb7+ 67. Kb8 68. Ba7+ 1-0

[Event "Druzynowe Mistrzostwa Polski Juniorow - II liga"]
[Site "Sypniewo k. Jastrowia"]
[Date "2023-06-21"]
[Round "8.51"]
[White "Feseniuk, Pavlo"]
[Black "Rabiej, Mateusz"]
[Result "0-1"]
[WhiteTitle "II"]
[BlackTitle "II"]
[WhiteElo "1350"]
[BlackElo "1243"]

1. e4 2. c5 3. Nc3 4. e6 5. d3 6. d5 7. exd5 8. exd5 9. g3 10. d4 11. Ne4 12. Bd7
13. Bg2 14. Bc6 15. Nf3 16. Be7 17. O-O 18. Nd7 19. Bf4 20. Ngf6 21. Nd6+ 22.
Kf8 23. Nf5 24. Kg8 25. Re1 26. Bf8 27. Qd2 28. h6 29. h4 30. Nb6 31. c4 32. dxc3
33. bxc3 34. Qd7 35. Ne3 36. Bd6 37. Bxd6 Qxd6 38. Nf5 39. Qd7 40. Ne7+ 41. Kf8
42. Nxc6 43. bxc6 44. Ne5 45. Qd6 46. Nxc6 47. Nfd5 48. Ne5 49. Rd8 50. Qc2 51.
g5 52. h5 53. Kg7 54. Nc4 55. Nxc4 56. dxc4 57. Nb6 58. Rad1 59. Qf6 60. Bd5 61.
Rd6 62. Re3 63. Rhd8 64. Rf3 65. Rxd5 66. Rxd5 67. Qxf3 68. Rxd8 69. Qxh5 70.
Qf5 71. Qe2 72. Qxc5 73. Nxc4 74. Qxa7 75. Ne5 76. Qe3 77. Nf3+ 78. Kg2 79. Ne1+
80. Kh2 81. Nf3+ 82. Kh3 83. g4+ 84. Kxg4 85. Nh2+ 86. Kh3 87. Qh5+ 88. Kg2 89.
Ng4 90. Qd4+ 91. Ne5 92. g4 93. Qg5 94. Rd5 95. f6 96. Kf1 97. Qc1+ 98. Ke2 99.
Qc2+ 100. Qd2 101. Qe4+ 102. Kd1 103. Qb1+ 104. Qc1 105. Qxa2 106. Rd2 107. Qa4+
108. Qc2 109. Qa1+ 110. Qc1 111. Qa4+ 112. Qc2 113. Qa1+ 114. Ke2 115. Qa6+ 116.
c4 117. Qe6 118. Qe4 119. Qc8 120. Rc2 121. Nxg4 122. c5 123. Ne5 124. c6 125.
Qa6+ 126. Ke3 127. Qa3+ 128. Kf4 129. Ng6+ 130. Kg4 131. h5+ 0-1

[Event "Druzynowe Mistrzostwa Polski Juniorow - II liga"]
[Site "Sypniewo k. Jastrowia"]
[Date "2023-06-21"]
[Round "8.53"]
[White "Gorecka, Laura"]
[Black "Ejsymont, Blanka"]
[Result "1/2-1/2"]
[WhiteTitle "II+"]
[BlackTitle "I++"]
[WhiteElo "1158"]
[BlackElo "1444"]

1. d4 2. Nf6 3. Nf3 4. g6 5. g3 6. Bg7 7. c4 8. O-O 9. Bg2 10. d6 11. O-O 12. Nc6
13. Nc3 14. e5 15. d5 16. Ne7 17. Bd2 18. Nd7 19. Qc1 20. f5 21. Bh6 22. Bxh6
23. Qxh6 24. f4 25. Ng5 26. Nf6 27. Nce4 28. Nf5 29. Nxf6+ 30. Rxf6 31. Qxh7+
32. Kf8 33. e4 34. Nd4 35. Qh8+ 36. Ke7 37. Qg7+ 38. Ke8 39. Nh7 40. Rf7 41. Qxg6
42. f3 43. Qg8+ 44. Ke7 45. Qg5+ 46. Ke8 47. Qg8+ 48. Ke7 49. Qg5+ 50. Ke8 51.
Qg8+ 52. Ke7 53. Qg5+ 54. Ke8 55. Qg8+ 56. Ke7 57. Qg5+ 58. Ke8 59. Qg8+ 60. Ke7
61. Qg5+ 1/2-1/2

[Event "Druzynowe Mistrzostwa Polski Juniorow - II liga"]
[Site "Sypniewo k. Jastrowia"]
[Date "2023-06-21"]
[Round "8.54"]
[White "Krasniewski, Szymon"]
[Black "Grzadka, Artur"]
[Result "1/2-1/2"]
[WhiteTitle "I"]
[BlackTitle "I"]
[WhiteElo "1856"]
[BlackElo "1770"]

1. Nf3 2. d5 3. g3 4. Nf6 5. Bg2 6. c6 7. O-O 8. Bf5 9. d3 10. e6 11. Nc3 12. Be7
13. Nh4 14. Bg6 15. e4 16. Nbd7 17. exd5 18. Bh5 19. Qe1 20. cxd5 21. Ne2 22.
Rc8 23. c3 24. O-O 25. Nf4 26. Bg6 27. Nhxg6 28. hxg6 29. d4 30. Re8 31. b3 32.
b5 33. Bb2 34. Bd6 35. Qd2 36. a5 37. Rac1 38. Nb6 39. Rfe1 40. b4 41. Nd3 42.
Qe7 43. cxb4 44. axb4 45. Ne5 46. Ra8 47. Ba1 48. Qa7 49. Rc2 50. Rec8 51. Rec1
52. Qb7 53. Nd3 54. Nbd7 55. Qe2 56. Rxc2 57. Rxc2 58. Ra5 59. Qe1 60. Bf8 61.
a4 62. Ne4 63. Qc1 64. Ra7 65. f3 66. Nd6 67. Qd2 68. Nf5 69. g4 70. Nh4 71. Qg5
72. Nxg2 73. Kxg2 74. Qb6 75. Qc1 76. Qa6 77. Qd2 78. Qb6 79. Qc1 1/2-1/2

[Event "Druzynowe Mistrzostwa Polski Juniorow - II liga"]
[Site "Sypniewo k. Jastrowia"]
[Date "2023-06-21"]
[Round "8.55"]
[White "Dysko, Michal"]
[Black "Krasniewski, Maciej"]
[Result "0-1"]
[WhiteTitle "II+"]
[BlackTitle "I"]
[WhiteElo "1500"]
[BlackElo "1696"]

1. d4 2. Nf6 3. Bf4 4. d6 5. Nc3 6. Nbd7 7. Nf3 8. c5 9. e3 10. g6 11. Bc4 12.
h6 13. Bg3 14. Bg7 15. Qd2 16. O-O 17. O-O 18. Nb6 19. Be2 20. cxd4 21. exd4 22.
Be6 23. Rfe1 24. Rc8 25. Nd1 26. Ne4 27. Qc1 28. Nxg3 29. hxg3 30. Bf5 31. Ne3
32. Be4 33. c3 34. d5 35. Qd1 36. g5 37. Bd3 38. f5 39. Be2 40. f4 41. gxf4 42.
Rxf4 43. Nd2 44. Bg6 45. Nb3 46. Qd6 47. Nc5 48. e5 49. Bg4 50. exd4 51. cxd4
52. Rxd4 53. Bxc8 54. Rxd1 55. Raxd1 Qxc5 56. Be6+ 57. Bf7 58. Bxf7+ 59. Kxf7
60. Nf5 61. Bf8 62. Rc1 63. Qb4 64. b3 65. Kf6 66. Ne3 67. d4 68. Ng4+ 69. Kf5
70. Re5+ 71. Kxg4 72. f3+ 73. Kh5 74. Re6 75. Qd2 76. g4+ 77. Kh4 78. Rce1 79.
d3 0-1

[Event "Druzynowe Mistrzostwa Polski Juniorow - II liga"]
[Site "Sypniewo k. Jastrowia"]
[Date "2023-06-21"]
[Round "8.56"]
[White "Rzap, Filip"]
[Black "Olejko, Wojciech"]
[Result "1-0"]
[WhiteTitle "II+"]
[BlackTitle "II"]
[WhiteElo "1511"]
[BlackElo "1288"]

1. d4 2. Nf6 3. c4 4. e6 5. Nf3 6. b6 7. g3 8. Bb7 9. Bg2 10. Be7 11. O-O 12. O-O
13. Nc3 14. Na6 15. a3 16. d5 17. cxd5 18. exd5 19. Bf4 20. c5 21. Rc1 22. Ne4
23. dxc5 24. Naxc5 25. Nb5 26. Ne6 27. Nc7 28. Nxc7 29. Rxc7 30. Nc5 31. Qc1 32.
Bd6 33. Bxd6 34. Qxd6 35. Qf4 36. Qxf4 37. gxf4 38. Rac8 39. Rxc8 40. Rxc8 41.
Rc1 42. Ne4 43. Rxc8+ 44. Bxc8 45. Nd4 46. Bb7 47. Bxe4 48. dxe4 49. Kg2 50. Kf8
51. Kg3 52. Ba6 53. f5 54. g6 55. Kf4 56. gxf5 57. Kxf5 58. Bb7 59. e3 60. Ke7
61. h4 62. Kd6 63. Kf6 64. Kc5 65. h5 66. Kc4 67. h6 1-0

[Event "Druzynowe Mistrzostwa Polski Juniorow - II liga"]
[Site "Sypniewo k. Jastrowia"]
[Date "2023-06-21"]
[Round "8.58"]
[White "Wasilowska, Anna"]
[Black "Moscicka, Alicja"]
[Result "0-1"]
[WhiteTitle "III"]
[BlackTitle "II"]
[WhiteElo "1252"]
[BlackElo "1181"]

1. e4 2. c5 3. Nf3 4. g6 5. d4 6. cxd4 7. Nxd4 8. Bg7 9. Nc3 10. Nc6 11. Be3 12.
Nf6 13. f3 14. Qb6 15. Qd2 16. Nxe4 17. Nxe4 18. Bxd4 19. Bxd4 20. Qxd4 21. Bd3
22. Qxb2 23. O-O 24. Qd4+ 25. Kh1 26. d5 27. c3 28. Qg7 29. Nc5 30. O-O 31. Bc2
32. Rd8 33. Bb3 34. d4 35. cxd4 36. Rxd4 37. Qe3 38. b6 39. Ne4 40. Ba6 41. Rfc1
42. Rc8 43. Ng5 44. Kf8 45. Bxf7 46. Nd8 47. Qa3 48. Nxf7 49. Ne6+ 50. Kg8 51.
Nxg7 52. Kxg7 53. Rxc8 54. Bxc8 55. Qb2 56. e5 57. f4 58. Rxf4 59. h3 60. Kh6
61. Qd2 62. Ng5 63. g3 64. Bb7+ 65. Kh2 66. Nf3+ 67. Kg2 68. Nxd2+ 69. Kg1 70.
Rf3 71. Kg2 72. Rf1+ 73. Kh2 74. Rxa1 0-1

[Event "Druzynowe Mistrzostwa Polski Juniorow - II liga"]
[Site "Sypniewo k. Jastrowia"]
[Date "2023-06-21"]
[Round "8.60"]
[White "Jendrowiak, Maciej"]
[Black "Kordowski, Karol"]
[Result "1-0"]
[WhiteTitle "I"]
[BlackTitle "II"]
[WhiteElo "1892"]
[BlackElo "1351"]

1. d4 2. Nf6 3. Nf3 4. g6 5. g3 6. Bg7 7. Bg2 8. d6 9. O-O 10. O-O 11. Re1 12.
Nbd7 13. e4 14. e5 15. Nc3 16. h6 17. a4 18. c6 19. a5 20. Qe7 21. dxe5 22. Nxe5
23. Nxe5 24. dxe5 25. h3 26. Be6 27. Qe2 28. Nd7 29. b3 30. f6 31. Ba3 32. c5
33. Red1 34. Rfd8 35. Nd5 36. Bxd5 37. Rxd5 38. b6 39. Rad1 40. Nf8 41. Qa6 42.
Rxd5 43. exd5 44. Qd6 45. axb6 46. Qxb6 47. Qc4 48. Rc8 49. d6+ 50. Kh7 51. b4
52. Nd7 53. bxc5 54. Qa5 55. Bb4 56. Qa4 57. c6 58. Nb6 59. Qb3 60. Qb5 61. d7
62. Rd8 63. Be7 64. Qe2 65. Bf3 1-0

[Event "Druzynowe Mistrzostwa Polski Juniorow - II liga"]
[Site "Sypniewo k. Jastrowia"]
[Date "2023-06-21"]
[Round "8.61"]
[White "Zimny, Karol"]
[Black "Wierzbicki, Dawid"]
[Result "0-1"]
[WhiteTitle "II"]
[BlackTitle "I"]
[WhiteElo "1403"]
[BlackElo "1762"]

1. e4 2. c5 3. c3 4. Nf6 5. e5 6. Nd5 7. Nf3 8. d6 9. d4 10. cxd4 11. cxd4 12.
dxe5 13. Nxe5 14. Nc6 15. Bc4 16. e6 17. O-O 18. Be7 19. Nc3 20. Nf6 21. Be3 22.
O-O 23. Re1 24. Qa5 25. Bb3 26. Rd8 27. Nxc6 28. bxc6 29. Qf3 30. Bb7 31. Ne4
32. Nxe4 33. Qxe4 34. Bf6 35. Rac1 36. Rd7 37. Qg4 38. Rad8 39. Red1 40. h5 41.
Qe2 42. Bxd4 43. Bxd4 44. Rxd4 45. Rxd4 46. Rxd4 47. Rd1 48. Ba6 49. Qc2 50. Qe5
51. Rc1 52. c5 53. h3 54. c4 55. Ba4 56. Bb7 57. b3 58. Qg5 59. g3 60. Qd5 61.
f4 62. Rd2 0-1

[Event "Druzynowe Mistrzostwa Polski Juniorow - II liga"]
[Site "Sypniewo k. Jastrowia"]
[Date "2023-06-21"]
[Round "8.62"]
[White "Oles, Mateusz"]
[Black "Kordowski, Lukasz"]
[Result "1-0"]
[WhiteTitle "II"]
[BlackTitle "II"]
[WhiteElo "1471"]
[BlackElo "1184"]

1. e4 2. g6 3. d4 4. Bg7 5. Nf3 6. d6 7. c3 8. Nf6 9. Bd3 10. O-O 11. O-O 12. Nbd7
13. h3 14. e5 15. Be3 16. Qe7 17. Qc2 18. c6 19. Nbd2 20. Ne8 21. a4 22. h6 23.
Rad1 24. Nb8 25. b4 26. b6 27. dxe5 28. dxe5 29. a5 30. Qb7 31. Nc4 32. Nd7 33.
axb6 34. axb6 35. Ra1 36. Rb8 37. Ra2 38. Qc7 39. Rfa1 40. Nd6 41. Ra7 42. Bb7
43. Nxd6 44. Qxd6 45. Rd1 46. Qe6 47. Ba6 48. Bxa6 49. Rdxd7 50. Bc8 51. Re7 52.
Qd6 53. Qd2 54. Qxd2 55. Nxd2 56. Be6 57. Rec7 58. c5 59. bxc5 60. bxc5 61. Bxc5
62. Rfd8 63. Be3 64. Rb2 65. Nf3 66. Bf8 67. Rab7 68. Ra2 69. Kh2 70. g5 71. Rc6
72. Bg7 73. Rcb6 74. Rd3 75. Rc7 76. Rc2 77. Rbc6 78. Bd7 79. Rc5 80. Bf8 81.
Ne1 82. Bxc5 83. Nxc2 84. Be7 85. Nb4 86. Bxb4 87. cxb4 88. Bb5 89. Rc5 90. Bd7
91. Rxe5 92. Rb3 93. Bc5 94. Be6 95. Bd6 96. Kg7 97. Ra5 98. Bc4 99. e5 100. Rb2
101. Bc5 102. Kg6 103. Ra3 104. Kf5 105. Rc3 106. Bd5 107. Rd3 108. Ke6 109. Rd1
110. Rb3 111. Re1 112. Rb2 113. Kg3 114. Rb3+ 115. f3 116. Rb2 117. Bd6 118. h5
119. Rg1 120. f5 121. h4 122. f4+ 123. Kh3 124. g4+ 125. fxg4 126. Rb3+ 127. g3
128. hxg4+ 129. Kxg4 130. f3 131. Rf1 132. Bc4 133. Rf2 134. Bd3 135. Kf4 136.
Be2 137. Bc5 138. Ra3 139. h5 140. Ra8 141. Bd6 142. Rg8 143. g4 144. Rg7 145.
g5 146. Rf7+ 147. Kg4 148. Bd3 149. g6 150. Rf6 1-0